LEADER 00899nam0-22003251i-450- 001 990007752330403321 005 20120502104624.0 035 $a000775233 035 $aFED01000775233 035 $a(Aleph)000775233FED01 035 $a000775233 100 $a20030814d--------km-y0itay50------ba 101 0 $aita 200 1 $a<>"controllo"$eNozioni e tipo nella legislazione economica$fM. Lamandini 210 $aMilano$cGiuffre'$d1995 215 $a265 p.$d24 cm 225 1 $aQuaderni di giurisprudenza commerciale, 155 676 $a346.07 700 1$aLamandini,$bMarco$0120246 801 0$aIT$bUNINA$gRICA$2UNIMARC 901 $aBK 912 $a990007752330403321 952 $aDPR 21B-116$b14198$fDEC 952 $aDPR 21/B-116$b14198$fDEC 952 $a13-CB-518$b7383$fDDCP 959 $aDEC 959 $aDEC 959 $aDDCP 996 $aControllo$9191969 997 $aUNINA LEADER 00906nam1 2200253 i 450 001 SUN0067062 005 20200305115017.942 010 $d0.00 100 $a20090129f |0itac50 ba 101 $aita 102 $aIT 105 $a|||| ||||| 200 1 $a*Numerical methods in scientific computing$fGermund Dahlquist, Björck Åke 210 $aPhiladelphia$cSIAM 215 $av.$d26 cm. 463 1$1001SUN0067061$12001 $a<<*Numerical methods in scientific computing>> 1$fGermund Dahlquist, Björck Åke$v1$1210 $aPhiladelphia$cSIAM$dc2008$1215 $aXXVII, 717 p.$d26 cm. 620 $dPhiladelphia$3SUNL000037 700 1$aDahlquist$b, Germund$3SUNV053273$041208 701 1$aBjörck$b, Åke$3SUNV039126$00 712 $aSIAM$3SUNV001157$4650 801 $aIT$bSOL$c20200309$gRICA 912 $aSUN0067062 996 $aNumerical methods in scientific computing$945046 997 $aUNICAMPANIA LEADER 01739oam 2200445M 450 001 9910716455003321 005 20200213071026.8 035 $a(CKB)5470000002521595 035 $a(OCoLC)1065743066 035 $a(OCoLC)995470000002521595 035 $a(EXLCZ)995470000002521595 100 $a20071213d1927 ua 0 101 0 $aeng 135 $aurcn||||||||| 181 $ctxt$2rdacontent 182 $cc$2rdamedia 183 $acr$2rdacarrier 200 10$aConstruction of certain public works by the Secretary of the Navy. February 23, 1927. -- Referred to the House Calendar and ordered to be printed 210 1$a[Washington, D.C.] :$c[U.S. Government Printing Office],$d1927. 215 $a1 online resource (1 pages) 225 1 $aHouse report / 69th Congress, 2nd session. House ;$vno. 2211 225 1 $a[United States congressional serial set] ;$v[serial no. 8690] 300 $aBatch processed record: Metadata reviewed, not verified. Some fields updated by batch processes. 300 $aFDLP item number not assigned. 606 $aConstruction, Military 606 $aConstruction industry$xMilitary aspects 606 $aPublic works 608 $aLegislative materials.$2lcgft 615 0$aConstruction, Military. 615 0$aConstruction industry$xMilitary aspects. 615 0$aPublic works. 701 $aSnell$b Bertrand Hollis$f1870-1958$pRepublican (NY)$01388514 801 0$bWYU 801 1$bWYU 801 2$bOCLCO 801 2$bOCLCQ 906 $aBOOK 912 $a9910716455003321 996 $aConstruction of certain public works by the Secretary of the Navy. February 23, 1927. -- Referred to the House Calendar and ordered to be printed$93484124 997 $aUNINA LEADER 01659nam 2200397 n 450 001 996396012303316 005 20221108100813.0 035 $a(CKB)3810000000014015 035 $a(EEBO)2240909410 035 $a(UnM)9959148000971 035 $a(EXLCZ)993810000000014015 100 $a19920430d1613 uy 101 0 $aeng 135 $aurbn||||a|bb| 200 14$aThe first booke of songs or ayres of foure partes, with tableture for the lute$b[electronic resource] $eSo made, that all the parts together, or either of them seuerally may be sung to the lute, orpherian or viol de gambo. /$fComposed by Iohn Dowland, lutenist and Bacheler of musick in both the vniversities. Also an inuention by the said author for two to play vpon one lute 205 $aNewly corrected and amended. 210 $aImprinted at London $cBy Humfrey Lownes, dwelling on Bredstreet-hill, at the sign of the Starre$d1613 215 $a[1+] p 300 $aFragment: title page only. 300 $aThis reel position filmed twice to adjust exposure. 300 $aReproduction of original in the British Library. 330 $aeebo-0018 606 $aSongs with lute$vEarly works to 1800 606 $aPart-songs, English$vEarly works to 1800 608 $aTitle pages$zEngland$y17th cent. 615 0$aSongs with lute 615 0$aPart-songs, English 700 $aDowland$b John$f1563?-1626.$01000862 801 0$bCu-RivES 801 1$bCu-RivES 801 2$bCStRLIN 801 2$bCu-RivES 906 $aBOOK 912 $a996396012303316 996 $aThe first booke of songs or ayres of foure partes, with tableture for the lute$92360540 997 $aUNISA